Representing the rainbow in young adult literature : LGBTQ+ content since 1969
Saved in:
| Main Authors | , |
|---|---|
| Format | Electronic eBook |
| Language | English |
| Published |
Lanham, Maryland :
Rowman & Littlefield,
[2018]
|
| Subjects | |
| Online Access | Full text |
| ISBN | 9781442278073 9781442278066 |
| Physical Description | 1 online zdroj (xvi, 293 stran) : ilustrace |
| LEADER | 00000cam a2200000 i 4500 | ||
|---|---|---|---|
| 001 | 113430 | ||
| 003 | CZ-ZlUTB | ||
| 005 | 20260323141104.0 | ||
| 006 | m o d | ||
| 007 | cr cnu---unuuu | ||
| 008 | 171218t20182018mdua ob 001 0 eng | ||
| 020 | |a 9781442278073 |q (electronic book) | ||
| 020 | |z 9781442278066 |q (paperback ; |q alkaline paper) | ||
| 035 | |a (OCoLC)1019842633 |z (OCoLC)1028837126 |z (OCoLC)1118463845 | ||
| 040 | |a DLC |b eng |e rda |c DLC |d OCLCO |d OCLCF |d N$T |d CUV |d OCLCL |d CLOUD |d OCLCO |d OCLCQ | ||
| 042 | |a pcc | ||
| 043 | |a n-us--- | ||
| 100 | 1 | |a Jenkins, Christine, |d 1949- |e author. | |
| 245 | 1 | 0 | |a Representing the rainbow in young adult literature : |b LGBTQ+ content since 1969 / |c Christine A. Jenkins and Michael Cart. |
| 264 | 1 | |a Lanham, Maryland : |b Rowman & Littlefield, |c [2018] | |
| 264 | 4 | |c ©2018 | |
| 300 | |a 1 online zdroj (xvi, 293 stran) : |b ilustrace | ||
| 336 | |a text |b txt |2 rdacontent | ||
| 337 | |a počítač |b c |2 rdamedia | ||
| 338 | |a online zdroj |b cr |2 rdacarrier | ||
| 504 | |a Obsahuje bibliografické odkazy a index | ||
| 506 | |a Plný text je dostupný pouze z IP adres počítačů Univerzity Tomáše Bati ve Zlíně nebo vzdáleným přístupem pro zaměstnance a studenty | ||
| 588 | 0 | |a Description based on online resource, title from digital title page (viewed on August 10, 2020). | |
| 590 | |a eBooks on EBSCOhost |b All EBSCO eBooks | ||
| 650 | 0 | |a Young adult literature, American |x History and criticism. | |
| 650 | 0 | |a Homosexuality in literature. | |
| 650 | 0 | |a Sexual minorities in literature. | |
| 655 | 7 | |a elektronické knihy |7 fd186907 |2 czenas | |
| 655 | 9 | |a electronic books |2 eczenas | |
| 700 | 1 | |a Cart, Michael, |e author. | |
| 776 | 0 | 8 | |i Print version: |a Jenkins, Christine, 1949- |t Representing the rainbow in young adult literature. |d Lanham : Rowman & Littlefield, [2018] |z 9781442278066 |w (DLC) 2017055185 |w (OCoLC)1014105061 |
| 856 | 4 | 0 | |u https://search.ebscohost.com/login.aspx?direct=true&scope=site&db=nlebk&AN=1723056&authtype=ip,shib&custid=s3936755 |
| 942 | |2 udc | ||
| 992 | |c EBOOK-TN |c EBSCO | ||
| 993 | |x NEPOSILAT |y EIZ | ||
| 999 | |c 113430 |d 113430 | ||